Wszystkie moby w minecrafcie - Statystyki

Ogólne statystyki
  • Ten quiz został rozwiązany 587 razy
    569 od ostatniego zresetowania
  • Średni wynik to 27 z 64
Statystyki odpowiedzi
wersja w której mob został dodany mob % Poprawnych
classic 0.24 Zombie
95%
classic 0.24_02 Szkielet
88%
classic 0.24 Świnia
85%
alpha 1.0.8 Krowa
84%
classic 0.24 Creeper
76%
beta 1.8 Enderman
76%
alpha 1.0.14 Kura
75%
classic 0.27 Owca
75%
classic 0.27 Pająk
71%
1.0.0 Osadnik
67%
1.6.1 Koń
64%
beta 1.4 Wilk
63%
1.16 (zostanie dodany) Piglin
62%
1.0.0 Smok Endu
62%
1.14 Kot
60%
Alpha 1.2.0 Ghast
58%
1.0.0 Płomyk
55%
1.2.4 Ocelot
50%
1.12 Papuga
48%
1.4.2 Wiedźma
48%
1.13.2 Łosoś
46%
1.6.1 Osioł
45%
1.15 Pszczoła
44%
alpha 1.0.11 Szlam
43%
1.13 Delfin
42%
1.13.2 dorsz
42%
1.2.1 Żelazny golem
42%
1.8.8 Królik
41%
1.11 Lama
39%
beta 1.8 rybik cukrowy
38%
1.16 (zostanie dodany) Hoglin
37%
beta 1.2 Kałamarnica
37%
beta 1.8 Pająk jaskiniowy
37%
1.14 Rozbójnik
37%
1.9 Shulker
36%
1.13 Utopiec
36%
1.14 Panda
35%
1.0.0 Bałwan (śnieżny golem)
34%
1.0.0 kostka magmy
33%
1.6.1 Muł
33%
1.4.2 Nietoperz
33%
1.13.2 Rozdymka
33%
1.8 Strażnik
33%
1.14.4 Lis
32%
1.13.2 Ryba tropikalna
32%
1.10 Niedźwiedź polarny
30%
1.13.2 Żółw
29%
1.8 Endermite
26%
1.10 Posuch
26%
1.16 (zostanie dodany) Zoglin
26%
1.8 Starszy strażnik
23%
alpha 1.2.0 Zombie pigman
22%
1.13 Fantom
21%
1.16 (zostanie dodany) Magmołaz
21%
1.11 Przywoływacz
21%
1.0.0 Mooshroom (grzybowa krowa)
20%
1.10 Tułacz
19%
1.14 Dewastator
18%
1.6.1 Koń szkielet
18%
1.11 Obrońca
17%
1.4.2 Wither
14%
1.11 Dręczyciel
13%
1.4.2 Witherowy szkielet
11%
1.14.4 Wędrowny handlarz
10%
Nie znaleziono quizów pasujących do podanych kryteriów
Rozkład punktacji
Procent ludzi z każdym wynikiem
Percentyl według liczby udzielonych odpowiedzi
Twoja historia wyników
Nie rozwiązałeś tego quizu od ostatniego zresetowania